书目信息 |
| 题名: |
彩色环球动物地理
|
|
| 作者: | 溥奎 主编 | |
| 分册: | ||
| 出版信息: | 北京 团结出版社 2006.06 |
|
| 页数: | 244页 | |
| 开本: | 26cm | |
| 丛书名: | 琥珀家庭书房 | |
| 单 册: | ||
| 中图分类: | Q958.2 | |
| 科图分类: | ||
| 主题词: | 动物地理学--dong wu di li xue--普及读物 | |
| 电子资源: | ||
| ISBN: | 7-80214-064-1 | |
| 000 | 00914nam 2200253 450 | |
| 001 | 012006992538 | |
| 005 | 20061206103619.21 | |
| 010 | @a7-80214-064-1@dCNY68.00 | |
| 100 | @a20061105d2006 km y0chiy0120 ea | |
| 101 | 0 | @achi |
| 102 | @aCN@b110000 | |
| 105 | @aa z 000yy | |
| 200 | 1 | @a彩色环球动物地理@Acai se huan qiu dong wu di li@d= New globe animal geography@f溥奎主编@Fpu kui zhu bian@zeng |
| 210 | @a北京@c团结出版社@d2006.06 | |
| 215 | @a244页@c图@d26cm | |
| 225 | 2 | @a琥珀家庭书房@Ahu po jia ting shu fang |
| 330 | @a本书以全球动物的地理分布为线索,用2200张极具视觉冲击力的精美图片,详细介绍了动物生态和地理变化,动物种类、生活习性和外界环境。 | |
| 410 | 0 | @12001 @a琥珀家庭书房 |
| 510 | 1 | @aNew globe animal geography@zeng |
| 606 | 0 | @a动物地理学@Adong wu di li xue@j普及读物 |
| 690 | @aQ958.2@v4 | |
| 701 | 0 | @a溥奎@Apu kui@4主编 |
| 801 | 0 | @aCN@c20061206 |
| 905 | @a10447@dQ958.2@eP991 | |
| 彩色环球动物地理= New globe animal geography/溥奎主编.-北京:团结出版社,2006.06 |
| 244页:图;26cm.-(琥珀家庭书房) |
| ISBN 7-80214-064-1:CNY68.00 |
| 本书以全球动物的地理分布为线索,用2200张极具视觉冲击力的精美图片,详细介绍了动物生态和地理变化,动物种类、生活习性和外界环境。 |
| ● |
| 相关链接 |
|
|
|
正题名:彩色环球动物地理
索取号:Q958.2/P991
 
预约/预借
| 序号 | 登录号 | 条形码 | 馆藏地/架位号 | 状态 | 备注 |
| 1 | 225962 | 202259625 | 自科库401/401自科库 37排1列5层/ [索取号:Q958.2/P991] | 在馆 | |
| 2 | 225963 | 202259634 | 自科库401/401自科库 37排1列5层/ [索取号:Q958.2/P991] | 在馆 |